000 00799nam a2200253 a 4500
001 BRL_1744
005 20190320211342.0
008 270715c1985----ag-#######---#000-0#----#
020 _a9681614283
041 _aspa
044 _amx
050 4 _aF1221.Z3
_b.W45 1985
100 1 _aWhitecotton, Joseph W.
_d1937-
_927768
245 1 0 _aLos zapotecos
_bpricipes, sacerdotes y campesinos
_cJoseph W. Whitecotton ; traducción de Stella Mastrangelo.
260 _aMéxico
_bFondo de Cultura Económica
_c1985
300 _a385 p.
_bil.
_c23 cm.
500 _aAu2015
500 _aTraducción de: The Zapotecs. Princes, priests and peasants.
504 _aBibliografía: p. 365-376
650 1 4 _aZapotecas
_910464
700 1 _aMastrangelo , Stella
_etr.
_94632
902 _aGRL
942 _2lcc
_cB
999 _c10552
_d10552